000 008140000a22002050004500
020 _a84-8460-304-0
041 0 _aSPA
082 0 4 _aG 155 P654m
100 1 _aPinillos, José Luis (1919-)
245 1 0 _aLa mente humana / José Luis Pinillos
260 _aMadrid : Temas de hoy
300 _a308 Pág.
505 0 0 _a- El hombre antes de Adán - La mente y la cultura - El desarrollo humano - El sistema nervioso y el comportamiento humano - La percepción de la realidad - Los saberes del homo sapiens - Los deseos del hombre - El genio y la figura - La mente humana y el orden social - Las voces del pasado
650 1 4 _aFILOSOFIA DE LA MENTE \ CEREBRO
001 13800
942 _cBK
999 _c42742
_d42742
336 _atexto
_btxt
_2rdacontent
337 _2rdamedia
_asin mediación
_bn
338 _2rdacarrier
_avolumen
_bnc